[Event "Challenge"]
[Site "http://www.queenalice.com/game.php?id=395992"]
[Date "2008.4.30"]
[Round "-"]
[White "Hugo62"]
[Black "b3nedtiojr"]
[Result "0-1"]
[WhiteElo "1387"]
[BlackElo "1213"]

1. e4 a5 2. Nc3 b6 3. d3 Ba6 4. f3 Nc6 5. Be3 e5 6. g4 Qh4+ 7. Bf2 Qf6 8. Qd2
Nd4 9. O-O-O Nxf3 10. Qe3 Nxg1 11. Rxg1 Nh6 12. g5 Qg6 13. gxh6 Bc5 14. Qe2 Qc6
15. hxg7 Rg8 16. Rg2 O-O-O 17. Qh5 f6 18. h3 Bb7 19. Bh4 Be3+ 20. Kb1 b5 21. Re1
Bd2 22. Rd1 Bxc3 23. Qxh7 Bd4 24. Rc1 Be3 25. Re1 Bd4 26. Rc1 b4 27. b3 Qc3 28.
Bxf6 Qb2# 0-1

[Event "lets go!"]
[Site "http://www.queenalice.com/game.php?id=396580"]
[Date "2008.5.2"]
[Round "-"]
[White "bonzinho"]
[Black "Hugo62"]
[Result "0-1"]
[WhiteElo "1286"]
[BlackElo "1364"]

1. Nf3 Nf6 2. d4 e6 3. c3 d5 4. Ne5 b5 5. e3 c6 6. a4 bxa4 7. Rxa4 a5 8. b4 Bd6
9. Ng4 Nfd7 10. e4 dxe4 11. bxa5 Bc7 12. f3 exf3 13. Qxf3 Ra6 14. Bxa6 Bxa6 15.
Qe4 Qh4+ 16. Nf2 Qf6 17. Ng4 Qh4+ 18. Nf2 Qf6 19. Ng4 Qh4+ 20. g3 Qh3 21. Rg1
O-O 22. Nf2 Qxh2 23. Bf4 Qxg1+ 24. Kd2 Qxf2+ 25. Kc1 Qf1+ 0-1

[Event "Challenge"]
[Site "http://www.queenalice.com/game.php?id=397962"]
[Date "2008.5.4"]
[Round "-"]
[White "Hugo62"]
[Black "berguette"]
[Result "0-1"]
[WhiteElo "1401"]
[BlackElo "1448"]

1. e4 e5 2. Nf3 d6 3. d3 Nf6 4. Nbd2 d5 5. Nxe5 dxe4 6. Be2 Nd5 7. c4 Nb4 8.
dxe4 Qf6 9. Nef3 Qa6 10. Qb3 c5 11. O-O Qg6 12. g3 a5 13. a3 N4c6 14. Qa4 Be7
15. b3 h5 16. Bb2 h4 17. g4 Bxg4 18. Rad1 Bh3+ 19. Kh1 Qg2# 0-1

[Event "Challenge"]
[Site "http://www.queenalice.com/game.php?id=399618"]
[Date "2008.5.8"]
[Round "-"]
[White "Cleide"]
[Black "Hugo62"]
[Result "1-0"]
[WhiteElo "1140"]
[BlackElo "1377"]

1. e4 e5 2. Nf3 d6 3. Bb5+ c6 4. Ba4 Nf6 5. d3 Qa5+ 6. Nc3 b5 7. Bb3 Nbd7 8. a4
b4 9. Nh4 Be7 10. Nf5 Bd8 11. Nxg7+ Kf8 12. Bh6 bxc3 13. Ne6+ Ke7 14. O-O fxe6
15. bxc3 Qxc3 16. Bd2 Qd4 17. Be3 Qb4 18. f4 Rg8 19. f5 exf5 20. Rxf5 c5 21. g3
Ng4 22. Bd2 Qb7 23. Bxg8 h6 24. Qxg4 Qb2 25. Rf7+ Ke8 26. Qe6+ Be7 27. Qxe7# 1-0

[Event "Challenge"]
[Site "http://www.queenalice.com/game.php?id=399619"]
[Date "2008.5.8"]
[Round "-"]
[White "Cleide"]
[Black "Hugo62"]
[Result "0-1"]
[WhiteElo "1209"]
[BlackElo "1355"]

1. e4 e5 2. h4 Nf6 3. f3 Bc5 4. c3 O-O 5. Ne2 d6 6. b4 Bb6 7. a4 a6 8. a5 Ba7 9.
Na3 b5 10. axb6 Bxb6 11. Nc4 Qd7 12. Nxb6 cxb6 13. Ng3 b5 14. Nf5 Nh5 15. d4
exd4 16. Qxd4 Qc6 17. Nxd6 Be6 18. g4 Nf6 19. g5 Nh5 20. Be3 Nd7 21. O-O-O Nb6
22. Qxb6 Qxc3+ 23. Kb1 Qxb4+ 24. Kc2 Bb3+ 25. Kc1 Qc3+ 26. Kb1 Bxd1 27. Qc5 Qb3+
28. Kc1 Bxf3 29. Rh3 Bg4 30. g6 hxg6 31. Rh2 Ng3 32. Rb2 Qa4 33. Bd3 Qd1# 0-1

[Event "Challenge"]
[Site "http://www.queenalice.com/game.php?id=413151"]
[Date "2008.6.5"]
[Round "-"]
[White "Hugo62"]
[Black "berguette"]
[Result "0-1"]
[WhiteElo "1367"]
[BlackElo "1448"]

1. e4 e5 2. d3 Bc5 3. Qd2 Qe7 4. Nf3 Bb4 5. c3 Bc5 6. b3 Nf6 7. b4 Bb6 8. a3 O-O
9. Be2 c5 10. O-O d5 11. exd5 Nxd5 12. c4 Nf4 13. Nc3 Nd7 14. Bd1 cxb4 15. Ne4
Qe6 16. Qxb4 Qg6 17. g3 a5 18. Qc3 Nc5 19. Nxe5 Qf5 20. Nf3 Qh3 21. gxf4 Bc7 22.
Rb1 Na4 23. Bxa4 Qxf3 24. c5 Bh3 25. Re1 Qg2# 0-1

[Event "Challenge"]
[Site "http://www.queenalice.com/game.php?id=414188"]
[Date "2008.6.6"]
[Round "-"]
[White "Hugo62"]
[Black "luiztiago"]
[Result "1-0"]
[WhiteElo "1349"]
[BlackElo "1389"]

1. e4 c5 2. Nc3 e6 3. d3 d5 4. e5 Nc6 5. f4 Be7 6. Nf3 f6 7. g3 fxe5 8. fxe5 d4
9. Ne4 b5 10. h4 Qc7 11. Nfd2 Nxe5 12. Qh5+ g6 13. Qe2 Bb7 14. Bh3 Bd5 15. Rf1
c4 16. Nf2 Bb4 17. a3 1-0

[Event "Challenge"]
[Site "http://www.queenalice.com/game.php?id=416773"]
[Date "2008.6.13"]
[Round "-"]
[White "Hugo62"]
[Black "mitsho"]
[Result "0-1"]
[WhiteElo "1353"]
[BlackElo "1575"]

1. e4 c5 2. c4 Nc6 3. Nc3 g6 4. Bd3 Bg7 5. Na4 d6 6. a3 Nf6 7. f3 O-O 8. g4 Nd4
9. g5 Nh5 10. b3 Nf4 11. Bf1 Nxf3+ 12. Qxf3 e5 13. d3 Qxg5 14. h4 Qg4 15. Qxg4
Bxg4 16. b4 b6 17. b5 Bh6 18. Ra2 a6 19. Nxb6 Ra7 20. Kd2 Rb8 21. Na4 axb5 22.
Nc3 bxc4 23. dxc4 Ng2+ 24. Kd3 Ne1# 0-1

[Event "Challenge"]
[Site "http://www.queenalice.com/game.php?id=425288"]
[Date "2008.6.30"]
[Round "-"]
[White "Hugo62"]
[Black "deniselefeber"]
[Result "1-0"]
[WhiteElo "1360"]
[BlackElo "1053"]

1. e4 Nc6 2. Nc3 Nf6 3. d3 e5 4. Nf3 d6 5. Be2 a5 6. a4 b6 7. O-O Nd4 8. Nxd4 c5
9. Ndb5 g5 10. Bxg5 Ke7 11. b3 h5 12. g3 Ke6 13. h4 Qe7 14. f4 Bg7 15. f5+ Kd7
16. Qd2 Rb8 17. Qe3 Ng4 18. Qf3 Qe8 19. Nd5 Qd8 20. Bxd8 Kxd8 21. f6 Bf8 22. c4
Kd7 23. Qf5+ Kc6 24. Qg5 Rb7 25. Rf3 Rd7 26. Qf5 Rd8 27. Qg5 Kd7 28. Nxb6+ Ke8
29. Nc7# 1-0

[Event "Challenge"]
[Site "http://www.queenalice.com/game.php?id=425796"]
[Date "2008.7.1"]
[Round "-"]
[White "Hugo62"]
[Black "Fim"]
[Result "0-1"]
[WhiteElo "1331"]
[BlackElo "1303"]

1. e4 e5 2. Nc3 Nc6 3. Nf3 Nf6 4. d3 Bb4 5. a3 Bxc3+ 6. bxc3 d6 7. c4 Bg4 8. Rb1
O-O 9. Be2 Nd4 10. Bf1 Bxf3 11. gxf3 b6 12. a4 c5 13. c3 Nc6 14. Rg1 a5 15. Bh3
Rb8 16. Kd2 Nh5 17. Rg2 Nf4 18. Rg3 Qh4 19. Qf1 Ne7 20. Ba3 Neg6 21. Rg4 Qxh3
22. Rg3 Qxh2 23. Kc2 Rfd8 24. Kd2 Qh6 25. Kc2 Nh4 26. Qg1 Ne2 27. Qe1 Nxg3 28.
fxg3 Nxf3 29. Qe2 Qh2 30. Qxh2 Nxh2 31. Kb3 Re8 32. Rb2 Nf3 33. g4 Ng5 34. Rf2
Nh3 35. Rf3 Ng5 36. Rf2 Re6 37. Bc1 Rg6 38. Rf1 Rf8 39. Rf2 f6 0-1

[Event "Fim I"]
[Site "http://www.queenalice.com/game.php?id=425991"]
[Date "2008.7.1"]
[Round "-"]
[White "Fim"]
[Black "Hugo62"]
[Result "0-1"]
[WhiteElo "1322"]
[BlackElo "1346"]

1. e4 e5 2. Nf3 Nc6 3. Nc3 Nf6 4. Bb5 a6 5. Bxc6 dxc6 6. Nxe5 Bg4 7. Nxg4 Nd7 8.
d4 b5 9. O-O h5 10. Ne3 g6 11. d5 cxd5 12. Ncxd5 Nc5 13. Nf6+ Qxf6 14. Qd5 Bd6
15. Qxa8+ Kd7 16. Qd5 Re8 17. f3 c6 18. Qd1 Re6 19. a3 Qf4 20. g3 Qe5 21. Rb1 a5
22. c4 a4 23. cxb5 cxb5 24. Qe2 Kc6 25. Qc2 f5 26. b4 Kd7 27. Bb2 Qxb2 28. Rxb2
f4 0-1

[Event "Challenge"]
[Site "http://www.queenalice.com/game.php?id=473333"]
[Date "2008.10.6"]
[Round "-"]
[White "Gaelle"]
[Black "Hugo62"]
[Result "1-0"]
[WhiteElo "1491"]
[BlackElo "1364"]

1. e4 e5 2. Qf3 Nf6 3. Nc3 c6 4. Bc4 b5 5. Bb3 Na6 6. a4 Nb4 7. Nh3 h6 8. d4
exd4 9. e5 Qe7 10. Ne4 Nxe4 11. Qxe4 Qc5 12. c3 Na6 13. axb5 Nc7 14. Ba4 g6 15.
cxd4 Qc4 16. Bf4 Ne6 17. bxc6 Bb4+ 18. Kd1 Nxd4 19. cxd7+ Bxd7 20. Qxa8+ Qc8 21.
Qxa7 Bxa4+ 22. Qxa4+ Nc6 23. Rc1 Qd8+ 24. Ke2 Qc7 25. e6 1-0

[Event "Challenge"]
[Site "http://www.queenalice.com/game.php?id=477362"]
[Date "2008.10.15"]
[Round "-"]
[White "deniselefeber"]
[Black "Hugo62"]
[Result "0-1"]
[WhiteElo "1104"]
[BlackElo "1361"]

1. Nf3 Nf6 2. Nc3 Nc6 3. e3 e5 4. d3 d6 5. b3 b6 6. h4 h5 7. a4 a5 8. g3 g6 9.
e4 Nb4 10. Bg5 c5 11. Ke2 Bg4 12. Qd2 Bg7 13. Qe3 Nxc2 14. Rb1 Nxe3 15. Bh3 Bxh3
16. Kxe3 Be6 17. Nb5 O-O 18. Rbc1 Qd7 19. Rb1 Ng4+ 20. Ke2 f6 21. Bd2 Qc6 22.
Na3 d5 23. Nb5 d4 24. Na3 Rfd8 25. Rhc1 f5 26. Nc4 Rab8 27. Ng5 Bd7 28. Na3 Re8
29. Rc4 Red8 30. Rcc1 Re8 31. f4 exf4 32. gxf4 fxe4 33. Nc4 Re7 34. Nh3 Bf6 35.
Rh1 Bxh4 36. Rhf1 e3 37. Bc1 Bf5 38. Rd1 Qg2+ 39. Nf2 Qxf2# 0-1

[Event "Challenge"]
[Site "http://www.queenalice.com/game.php?id=495563"]
[Date "2008.11.19"]
[Round "-"]
[White "gambitmiau64"]
[Black "Hugo62"]
[Result "1-0"]
[WhiteElo "1471"]
[BlackElo "1331"]

1. e4 e5 2. Nf3 Nf6 3. d3 c5 4. Nxe5 d6 5. Nf3 b6 6. Bf4 Nc6 7. Be2 Be7 8. O-O
O-O 9. Nc3 a6 10. a3 Be6 11. b4 cxb4 12. axb4 Nxb4 13. d4 a5 14. Bd3 Nh5 15. Be3
Qc7 16. Nb5 Qc6 17. d5 Qb7 18. dxe6 fxe6 19. Nfd4 e5 20. Qxh5 Qc8 21. Nf5 Bf6
22. Nbxd6 Qxc2 23. Bxc2 Nxc2 24. Rac1 Nxe3 25. Nxe3 a4 26. Nef5 1-0